000 00722nam a22002537a 4500
003 UA-OsUOA
001 29225
007 ta
008 20041004b un ||||| |||| 00| 0 ukr d
100 _aОткупщиков Ю. В.
090 _a81'373.6
_bО-83
942 _cBK
040 _aUA-OsUOA
_brus
_cUA-OsUOA
_dUA-OsUOA
245 _aК истокам слова
_bРассказы о науке этимологии. Книга для учащихся
300 _a176 с.
_bІлюстрації
955 _a0
041 _arus
080 _a81'373.6
260 _aМосква
_bПросвещение
_c1986
044 _aRU
250 _n3-е изд., испр.
650 7 _2UDC
999 _c315606
_d315606